| 000 | 01979nam a22002177a 4500 | ||
|---|---|---|---|
| 003 | NALT | ||
| 005 | 20240913194547.0 | ||
| 008 | 240624b th ||||| |||| 00| 0 tha d | ||
| 040 | _aNALT | ||
| 086 | _aสค 37 1.2 2567 | ||
| 110 | 2 |
_aสมาพันธ์สภาวิชาชีพแห่งประเทศไทย. _964205 |
|
| 245 | 1 | 0 |
_aสมาพันธ์สภาวิชาชีพแห่งประเทศไทย 2567 / _cสมาพันธ์สภาวิชาชีพแห่งประเทศไทย. |
| 260 |
_aนนทบุรี : _bสมาพันธ์สภาวิชาชีพแห่งประเทศไทย, _c2567. |
||
| 300 |
_a97 หน้า : _bภาพประกอบ, ตาราง, แผนภูมิ ; _c30 ซม. |
||
| 505 | 2 | _aสารจากสภานายกพิเศษแห่งสภาวิชาชีพ -- สารจากนายกสภาวิชาชีพ -- สมาพันธ์สภาวิชาชีพแห่งประเทศไทย -- บันทึกข้อตกลงความร่วมมือสมาพันธ์สภาวิชาชีพ -- คณะกรรมการบริหารสมาพันธ์สภาวิชาชีพแห่งประเทศไทยชุดปัจจุบัน -- ผลการดำเนินงานของสมาพันธ์สภาวิชาชีพแห่งประเทศไทย -- ประวัติความเป็นมาของสภาวิชาชีพ. | |
| 610 | 2 | 4 |
_aสมาพันธ์สภาวิชาชีพแห่งประเทศไทย _xผลงาน _y2567 _964741 |
| 942 |
_cGOV _2local |
||
| 996 |
_achunbijaya.r _bCATSTF _c2024-06-24 |
||
| 996 |
_ajamriang.p _bCATSTF _c2024-09-13 |
||
| 999 |
_c105422 _d105422 |
||
| 998 |
_j1020 _k นางจำเรียง ระวังสำโรง |
||